000 00865nas1a22002531i 4500
001 RU\NLR\INFOCOMM55\5000196399
005 20240726080558.0
035 _a(NLR Aleph) 002846938
090 _a2981947
_c2981947
100 _a20050216c1923 |||y0rusy50 ca
101 0 _arus
102 _aRU
110 _azyuzz 0|y|
200 1 _aЗаписки Якутского краевого географического общества
207 0 _aКн.1
210 _aЯкутск
_d1923
710 0 2 _aЯкутское краевое географическое общество
_4070
801 1 _aRU
_bInfoComm
_c20050216
801 0 _aRU
_bNLR
_gPSBO
852 _aNLR
_j93/2884
942 _cSE
980 _aRUSPER